Statistiques concernant Vainqueurs Coupe Davis depuis 1981

Cliquez ici pour prendre le quiz!

Statistiques générales

  • Ce quiz a été pris 84 fois
  • Le résultat moyen est 39 sur 41

Statistiques - réponses

AnnéePays vainqueur% Correct
2019Espagne
100%
2011Espagne
100%
2009Espagne
100%
2008Espagne
100%
2004Espagne
100%
2000Espagne
100%
1981Etats-Unis
100%
1995Etats-Unis
100%
2007Etats-Unis
100%
1990Etats-Unis
100%
1982Etats-Unis
100%
1992Etats-Unis
100%
2017France
100%
1996France
100%
2001France
100%
1991France
100%
2014Suisse
100%
2015Royaume-Uni
95%
2020-2021Russie
95%
2002Russie
95%
2006Russie
95%
2010Serbie
95%
1986Australie
94%
1999Australie
94%
1983Australie
94%
2003Australie
94%
2022Canada
92%
1993Allemagne
91%
1988Allemagne de l'Ouest
91%
1989Allemagne de l'Ouest
91%
1987Suède
89%
1997Suède
89%
1985Suède
89%
1984Suède
89%
1998Suède
89%
1994Suède
89%
2016Argentine
86%
2012Tchéquie
83%
2013Tchéquie
83%
2005Croatie
80%
2018Croatie
80%

Distribution des résultats

Percentile par nombre de réponses

% des personnes avec chaque résultat

Votre développement - résultats

Vous n’avez pas pris ce quiz